[Event "Ch URS (1/2 final)"]
[Site "masterchessopen.com URS"]
[Round "0"]
[White "Mikenas Vladas I (EST)"]
[Black "Khasin Abram (RUS)"]
[Result "0-1"]
[WhiteElo "2405"]
[BlackElo "2390"]

1.d4 Nf6 2.c4 e6 3.Nc3 Bb4 4.e3 c5 5.Bd3 d5 6.Nf3 O-O 7.O-O dxc4 8.Bxc4 Nbd7
9.Qe2 cxd4 10.exd4 Nb6 11.Bd3 Bd7 12.Bg5 Rc8 13.Ne4 Be7 14.Nxf6+ Bxf6 15.Qe4
g6 16.Qh4 Nd5 17.Be4 Bxg5 18.Nxg5 Nf6 19.Bxb7 Rb8 20.Bf3 Rxb2 21.d5 exd5
22.Bxd5 Qb6 23.Qh6 Bb5 24.Rac1 Rxf2 25.Rxf2 Qxf2+ 26.Kxf2 Ng4+ 27.Kg3 Nxh6
28.Rc7 Rd8 29.Bb3 Rd7 30.Rxd7 Bxd7 31.Kf4 Kg7 32.g3 f6 33.Ne6+ Bxe6 34.Bxe6 f5
35.h4 Kf6 36.Bb3 Ng4 37.Bd1 Nf2 38.Bc2 h6 39.Ke3 Ng4+ 40.Kd4 g5 41.hxg5+ Kxg5
42.Ba4 Nf6 {#R} 0-1

[Event "Olympiad"]
[Site "masterchessopen.com Moscow (Russia)"]
[Date "1956.09.24"]
[Round "11"]
[White "Ivkov Borislav (YUG)"]
[Black "Benkoe Pal Charles (HUN)"]
[Result "0-1"]
[WhiteElo "2411"]
[BlackElo "2408"]

1.d4 Nf6 2.c4 e6 3.Nc3 Bb4 4.e3 O-O 5.Nf3 d5 6.Bd3 c5 7.O-O dxc4 8.Bxc4 Nbd7
9.Qe2 b6 10.Rd1 cxd4 11.exd4 Bb7 12.Bg5 Bxc3 13.bxc3 Qc7 14.Rac1 Ng4 15.h3
Bxf3 16.Qxf3 Nxf2 17.Bb3 Nxd1 18.Rxd1 Rac8 19.Rd3 e5 20.Qg4 Kh8 21.Be7 f5
22.Qh4 Nf6 23.Bxf8 Rxf8 24.Rf3 e4 25.Rxf5 Qxc3 26.Qxe4 Rd8 27.Qf4 Qxd4+
28.Qxd4 Rxd4 29.Re5 Re4 30.Rb5 g6 31.Rb4 Rxb4 { Time! } {#R} 0-1

[Event "It"]
[Site "masterchessopen.com Mar del Plata (Argentina)"]
[Round "0"]
[White "Casas Fernando (ARG)"]
[Black "Eliskases Erich G (AUT)"]
[Result "0-1"]
[WhiteElo "2245"]
[BlackElo "2430"]

1.d4 Nf6 2.c4 e6 3.Nc3 Bb4 4.e3 O-O 5.Bd3 d5 6.Nf3 c5 7.O-O dxc4 8.Bxc4 Nbd7
9.a3 cxd4 10.Nb5 Be7 11.Nbxd4 e5 12.Nf5 Nb6 13.Nxe7+ Qxe7 14.Ba2 Bg4 15.Qe1
Be6 16.b3 Bd5 17.Bb2 Nbd7 18.Nd2 Nc5 19.Qe2 Nfe4 20.Rfc1 Nxd2 21.Qxd2 Rad8
22.Qc3 Qg5 23.e4 Bxe4 24.g3 Nd3 25.Re1 Qf5 26.f4 Rc8 27.Qd2 Nxe1 {#R} 0-1

[Event "It"]
[Site "masterchessopen.com Mar del Plata (Argentina)"]
[Round "0"]
[White "Najdorf Miguel (POL)"]
[Black "Kotov Alexander A (RUS)"]
[Result "1-0"]
[WhiteElo "2445"]
[BlackElo "2500"]

1.d4 Nf6 2.c4 e6 3.Nf3 d5 4.Nc3 Bb4 5.e3 O-O 6.Bd3 c5 7.O-O dxc4 8.Bxc4 Nbd7
9.Qe2 a6 10.a4 Nb6 11.Bb3 cxd4 12.exd4 Bd7 13.Rd1 Rc8 14.Rd3 Nbd5 15.Nxd5 Nxd5
16.Qe4 Bc6 17.Ne5 Nf6 18.Qh4 Bd5 19.Bg5 Be7 20.Rh3 Re8 21.Bd1 Qa5 22.Bh5 Red8
23.Bxf7+ Kf8 24.Bh6 Ne8 25.Qf4 Bf6 26.Bxg7+ Ke7 27.Bxe8 Bxg7 28.Rxh7 {#r} 1-0

[Event "It"]
[Site "masterchessopen.com Mar del Plata (Argentina)"]
[Round "0"]
[White "Panno Oscar (ARG)"]
[Black "Albert Horacio (ARG)"]
[Result "1-0"]
[WhiteElo "2438"]
[BlackElo "2121"]

1.c4 e6 2.Nf3 Nf6 3.Nc3 d5 4.d4 Bb4 5.e3 O-O 6.Bd3 dxc4 7.Bxc4 c5 8.O-O Nbd7
9.Qe2 cxd4 10.exd4 a6 11.a4 Nb6 12.Bb3 Nbd5 13.Bd2 Be7 14.Rfe1 b6 15.Rad1 Bb7
16.Ne5 Rc8 17.Ba2 Rc7 18.Bb1 Qa8 19.f3 Qc8 20.Ne4 Re8 21.Qf2 Nh5 22.g4 Nhf4
23.Qg3 Ng6 24.g5 Nb4 25.Bc3 Nd5 26.Bd2 Nb4 27.Nxg6 hxg6 28.Bf4 Rc6 29.Be5 Rd8
30.Qh4 Rd5 31.Nc3 Rd7 32.Re4 Rxc3 33.Bxg7 f5 34.gxf6 Rc1 35.Ree1 Rxd1 36.Rxd1
Bxf6 37.Bxf6 Bd5 38.Qh8+ Kf7 39.Qg7+ {#r} 1-0

[Event "Ch Kiev"]
[Site "masterchessopen.com Kiev (Ukraine)"]
[Round "5"]
[White "Boleslavsky Isaac (RUS)"]
[Black "Zurakhov Vladlen Y (RUS)"]
[Result "1-0"]
[WhiteElo "2560"]
[BlackElo "2415"]

1.d4 Nf6 2.c4 e6 3.Nc3 Bb4 4.e3 c5 5.Bd3 d5 6.Nf3 O-O 7.O-O dxc4 8.Bxc4 Nbd7
9.Qe2 a6 10.a4 cxd4 11.exd4 Nb6 12.Bb3 Nbd5 13.Nxd5 exd5 14.Bg5 Be6 15.Qd3 Be7
16.Rfe1 Ne4 17.Bxe7 Qxe7 18.Nd2 Nxd2 19.Qxd2 Qd6 20.Re3 Rac8 21.Rae1 Rc6
22.Re5 Rb6 23.R1e3 g6 24.h4 Qb4 25.Qd3 Rc6 26.Re1 Bf5 27.Qe3 Be6 28.h5 Rb6
29.Bc2 Bd7 30.b3 Rc6 31.Bd1 Re6 32.Rxe6 Bxe6 33.Bf3 Rc8 34.Qe5 Qd2 35.Rd1 Rc1
36.Rxc1 Qxc1+ 37.Kh2 gxh5 38.Bxh5 Qh6 39.Kg3 Qg7+ 40.Qxg7+ Kxg7 41.Kf4 Kf6
42.a5 h6 43.Bg4 Bxg4 44.Kxg4 Kg6 45.Kf4 Kf6 46.f3 Ke6 47.Kg4 Kf6 48.Kh5 Kg7
49.g4 {#r} 1-0

[Event "Match \"]
[Site "masterchessopen.com Kiev (Ukraine)"]
[Round "0"]
[White "Boleslavsky Isaac (RUS)"]
[Black "Zurakhov Vladlen Y (RUS)"]
[Result "1-0"]
[WhiteElo "2560"]
[BlackElo "2415"]

1.d4 Nf6 2.c4 e6 3.Nc3 Bb4 4.e3 c5 5.Bd3 d5 6.Nf3 O-O 7.O-O dxc4 8.Bxc4 Nbd7
9.Qe2 a6 10.a4 cxd4 11.exd4 Nb6 12.Bb3 Nbd5 13.Nxd5 exd5 14.Bg5 Be6 15.Qd3 Be7
16.Rfe1 Ne4 17.Bxe7 Qxe7 18.Nd2 Nxd2 ( 18...Qb4 19.Nf1 { ! ? ?f1-e3 } )
19.Qxd2 Qd6 20.Re3 Rac8 ( 20...f6 21.Rae1 Rfe8 22.Qc3 { ! } 22...Rac8 { ? } (
22...Bf7 23.Rxe8+ Rxe8 24.Rxe8+ Bxe8 25.Qc8 { ! } ) 23.Rxe6 { ! } ) (
20...Rfe8 21.Rae1 Bd7 22.Re5 { ! } 22...Bc6 23.Qa5 { ! } ) 21.Rae1 Rc6 22.Re5
Rb6 23.R1e3 Qb4 24.Qd3 Rc6 ( 24...Rc8 25.h4 g6 26.h5 { ! } 26...Bf5 27.Rxf5
gxf5 28.Qxf5 { ! ? } ) 25.h4 g6 26.Re1 Bf5 ( 26...Rb6 { !? } 27.R5e3 Rc8 28.h5
Kg7 ) 27.Qe3 Be6 { ? } ( 27...Be4 { ! } 28.a5 { ! } 28...Kg7 { ! } 29.Bxd5
Bxd5 30.Rxd5 Re6 { ! } 31.Re5 Rfe8 32.h5 Rxe5 33.dxe5 Qxa5 34.h6+ Kf8 ) 28.h5
{ ! } 28...Rb6 29.Bc2 Bd7 30.b3 Rc6 ( 30...Rc8 31.Re7 { ! } 31...Bc6 32.hxg6
hxg6 33.Bxg6 { ! +?? } ) 31.Bd1 Re6 32.Rxe6 Bxe6 33.Bf3 Rc8 34.Qe5 Qd2 35.Rd1
Rc1 36.Rxc1 Qxc1+ 37.Kh2 gxh5 38.Bxh5 Qh6 39.Kg3 Qg7+ 40.Qxg7+ Kxg7 41.Kf4 Kf6
42.a5 { ! } 42...h6 ( 42...Bc8 { ! } 43.Bg4 { ! } 43...Bxg4 44.Kxg4 Kg6 45.Kf4
f6 { ! } 46.f3 h6 47.Kg4 { ! } 47...f5+ 48.Kf4 Kf6 49.g4 fxg4 50.fxg4 Kg6
51.Ke5 Kg5 52.Kxd5 Kxg4 53.Ke5 { ! } 53...h5 54.d5 h4 55.d6 h3 56.d7 h2
57.d8=Q h1=Q 58.Qg8+ { +?? } ) ( 42...Bd7 43.Bg4 Bb5 44.Bf5 { ! } 44...h6
45.Bc8 Bc6 46.f3 Ke7 47.Ke5 Kd8 48.Bg4 Ke7 49.Bh5 { ! } 49...f6+ 50.Kf5 { !
+?? } ) 43.Bg4 Bxg4 44.Kxg4 Kg6 45.Kf4 Kf6 46.f3 Ke6 47.Kg4 Kf6 48.Kh5 Kg7
49.g4 f6 50.f4 {#r} 1-0

[Event "Olympiad"]
[Site "masterchessopen.com Munich (Germany)"]
[Round "6"]
[White "Johannsson Ingi R (ISL)"]
[Black "Sliwa Bogdan (POL)"]
[Result "1-0"]
[WhiteElo "2410"]
[BlackElo "2235"]

1.c4 Nf6 2.Nc3 e6 3.d4 Bb4 4.e3 O-O 5.Bd3 d5 6.Nf3 c5 7.O-O dxc4 8.Bxc4 Nbd7
9.Bd3 b6 10.Qe2 Bb7 11.Rd1 cxd4 12.exd4 Rc8 13.Bd2 h6 14.Nb5 Bxd2 15.Rxd2 a6
16.Nd6 Bxf3 17.Qxf3 Rc7 18.Rdd1 Nd5 19.a3 N7f6 20.Nc4 b5 21.Ne5 Qd6 22.Re1 Qb6
23.Rad1 b4 24.a4 Kh8 25.Bb1 Qa5 26.h4 Qxa4 27.g4 g5 28.hxg5 hxg5 29.Nd3 Kg7
30.Re5 Rh8 31.Rxg5+ Kf8 32.Nc5 Qc6 33.Ne4 Rd7 34.Nxf6 {#r} 1-0

[Event "Ch Bulgaria"]
[Site "masterchessopen.com Sofia (Bulgaria)"]
[Round "0"]
[White "Bobotsov Milko G (BUL)"]
[Black "Milev Zdravko (BUL)"]
[Result "1-0"]
[WhiteElo "2405"]
[BlackElo "2230"]

1.c4 Nf6 2.Nc3 e6 3.Nf3 d5 4.d4 Bb4 5.e3 c5 6.Bd3 dxc4 7.Bxc4 Nbd7 8.O-O O-O
9.Qe2 b6 10.Rd1 cxd4 11.exd4 Bb7 12.d5 Bxc3 13.dxe6 Bxf3 14.gxf3 Qc7 15.exd7
Be5 16.Bg5 h6 17.Bxf6 Bxf6 18.Ba6 Qf4 19.Rd5 Rad8 20.Rad1 Qh4 21.b3 Bg5 22.Qe4
g6 23.Qxh4 Bxh4 24.Re1 f5 25.Bb5 Kg7 26.Rde5 Rf7 27.Re8 Rfxd7 28.Bxd7 Rxd7
29.Kg2 Kf7 30.R1e2 Re7 31.R2xe7+ Bxe7 32.Rb8 {#r} 1-0

[Event "Ch DDR"]
[Site "masterchessopen.com Schkopau (Germany)"]
[Round "7"]
[White "Uhlmann Wolfgang (GER)"]
[Black "Handel Horst (GER)"]
[Result "1-0"]
[WhiteElo "2379"]
[BlackElo "2106"]

1.d4 Nf6 2.c4 e6 3.Nc3 Bb4 4.e3 c5 5.Nf3 O-O 6.Bd3 d5 7.O-O dxc4 8.Bxc4 Nbd7
9.Qe2 a6 10.a3 Ba5 11.Rd1 b5 12.Ba2 Qc7 13.Bd2 Bb6 14.Rac1 Qa7 15.d5 exd5
16.Nxd5 Bb7 17.Bc3 Nxd5 18.Bxd5 Bxd5 19.Rxd5 f6 20.Nh4 Rfd8 21.Qg4 Nf8 22.Rf5
Kf7 23.Nf3 Ke8 24.Ng5 h5 25.Qf3 Rd3 26.Qe4+ {#r} 1-0

[Event "Memorial Asztalos"]
[Site "masterchessopen.com Balatonfured (Hungary)"]
[Round "8"]
[White "Uhlmann Wolfgang (GER)"]
[Black "Beni Alfred (AUT)"]
[Result "1-0"]
[WhiteElo "2379"]
[BlackElo "2210"]

1.d4 Nf6 2.c4 e6 3.Nc3 Bb4 4.e3 O-O 5.Nf3 c5 6.Bd3 d5 7.O-O dxc4 8.Bxc4 Nbd7
9.Qe2 a6 10.a3 cxd4 11.axb4 dxc3 12.bxc3 Qc7 13.Bb2 Rb8 14.Bd3 b5 15.Rfc1 Nb6
16.c4 Qe7 17.Be5 Ra8 18.c5 Nbd5 19.Bd6 Qd8 20.Bxf8 Kxf8 21.Qd2 Nxb4 22.Qxb4
Qxd3 23.c6+ Ke8 24.Rd1 Nd5 25.Qd6 Qg6 26.Nd4 f5 27.Nxb5 Kf7 28.Nc7 Ra7 29.Nxd5
exd5 30.Qb8 {#r} 1-0

[Event "Memorial Stevenson"]
[Site "masterchessopen.com Bognor Regis (England)"]
[Round "1"]
[White "Attard Wilfred (MLT)"]
[Black "Karaklajic Nikola (SRB)"]
[Result "0-1"]
[WhiteElo "2225"]
[BlackElo "2303"]

1.d4 Nf6 2.c4 e6 3.Nc3 Bb4 4.e3 O-O 5.Bd3 c5 6.Nf3 d5 7.O-O dxc4 8.Bxc4 Nbd7
9.a3 cxd4 10.exd4 Bxc3 11.bxc3 Qc7 12.Qe2 b6 13.Bd2 Bb7 14.Bd3 Rfe8 15.Rfe1
Rad8 16.Bc2 Qc6 17.a4 h6 18.Qb5 Qd6 19.Ne5 Nxe5 20.Qxe5 Qxe5 21.Rxe5 Bd5 22.f3
Rc8 23.Bd3 Bc4 24.Bxc4 Rxc4 25.Rb5 Nd5 26.Ra3 a6 27.Rb1 f5 28.Kf2 Rec8 29.g3
Kf7 30.h4 Kf6 31.Ke2 e5 32.Kd3 exd4 33.cxd4 R8c6 34.Raa1 g5 35.hxg5+ hxg5
36.Rc1 Nb4+ 37.Ke2 Nc2 38.d5 R6c5 39.Rab1 Nd4+ 40.Ke3 f4+ 41.gxf4 gxf4+ 42.Kd3
Nxf3 43.Rxb6+ Kf5 44.Rxc4 Ne5+ 45.Ke2 f3+ 46.Kf2 Rxc4 47.Rxa6 Rg4 48.Bc3 Rg2+
49.Ke3 Re2+ 50.Kd4 f2 {#R} 0-1

[Event "Memorial Stevenson"]
[Site "masterchessopen.com Bognor Regis (England)"]
[Round "4"]
[White "Cafferty Bernard (ENG)"]
[Black "Karaklajic Nikola (SRB)"]
[Result "0-1"]
[WhiteElo "2127"]
[BlackElo "2303"]

1.d4 Nf6 2.Nf3 d5 3.c4 e6 4.Nc3 Bb4 5.e3 c5 6.Bd3 O-O 7.O-O dxc4 8.Bxc4 Nbd7
9.Qe2 b6 10.Rd1 cxd4 11.exd4 Bb7 12.Bf4 Bxc3 13.bxc3 Nd5 14.Bd2 Qc7 15.Bb3
Nxc3 16.Bxc3 Qxc3 17.Ne5 Nxe5 18.dxe5 Rac8 19.h3 Rc5 20.Rac1 Qxe5 21.Qxe5 Rxe5
22.Rd7 Bd5 23.Rxa7 Bxb3 24.axb3 Rb5 25.Rb7 Rxb3 26.Rc6 g5 27.Rcxb6 Rxb6
28.Rxb6 Kg7 29.Rb4 h5 30.Rb5 Kg6 31.Rb6 h4 32.Ra6 Rd8 33.Kf1 Rd2 34.Ra5 f6
35.Ke1 Rc2 36.Ra6 Kf5 37.Ra5+ e5 38.Ra7 e4 39.Kf1 Rc1+ 40.Ke2 Kf4 41.Ra3 Rc2+
42.Kf1 f5 43.Kg1 Rd2 44.Rb3 Rd3 45.Rb8 Rd1+ 46.Kh2 Rf1 47.Rb2 g4 48.hxg4 fxg4
49.g3+ Kf3 50.Rb3+ Kxf2 {#R} 0-1

[Event "Olympiad URS"]
[Site "masterchessopen.com Moscow (Russia)"]
[Round "0"]
[White "Uusi Gunnar (EST)"]
[Black "Gipslis Aivars (LAT)"]
[Result "0-1"]
[WhiteElo "2410"]
[BlackElo "2429"]

1.d4 Nf6 2.c4 e6 3.Nc3 Bb4 4.e3 c5 5.Bd3 d5 6.Nf3 dxc4 7.Bxc4 O-O 8.O-O Nbd7
9.Qb3 b6 10.Rd1 Bb7 11.Nb5 Qb8 12.h3 a6 13.Nc3 b5 14.Be2 Ba5 15.dxc5 Nxc5
16.Qa3 Bb6 17.Bd2 e5 18.Be1 e4 19.Nh2 Qe5 20.b4 Ne6 21.Rac1 Ng5 22.Nb1 Bc7
23.Nf1 Nf3+ 24.Bxf3 exf3 25.Rc5 Qe7 26.gxf3 Bxf3 27.Rdc1 Bd6 28.R5c2 Ne4
29.Ng3 Qh4 30.Qd3 Qxh3 31.Qf1 Qh4 32.Nd2 Nxd2 33.Rxd2 Be5 34.Rc5 Rae8 35.Rd3
Re6 36.e4 Rh6 {#R} 0-1

[Event "Ch World (juniors)"]
[Site "masterchessopen.com Hague (Netherlands)"]
[Round "8"]
[White "Nagy Bela (HUN)"]
[Black "Parma Bruno (SLO)"]
[Result "0-1"]
[WhiteElo "2041"]
[BlackElo "2480"]

1.d4 Nf6 2.c4 e6 3.Nc3 Bb4 4.e3 O-O 5.Bd3 d5 6.Nf3 c5 7.O-O dxc4 8.Bxc4 Nbd7
9.Qe2 b6 10.a3 cxd4 11.exd4 Bxc3 12.bxc3 Qc7 13.Bd2 Bb7 14.Bd3 Rfe8 15.Rfe1
Rad8 16.Rad1 Qd6 17.Bc1 Qc6 18.c4 e5 19.d5 Qd6 20.Bc2 Ba6 21.Bb2 e4 22.Nd4 Ne5
23.Nb5 Bxb5 24.cxb5 Neg4 25.g3 e3 26.f3 Nf2 27.Rd4 Rc8 28.Bb3 Nd7 29.Kg2 Nc5
30.Bc2 Qd7 31.Rh4 h6 32.Bd4 Qxd5 33.Bxe3 Nfd3 34.Bxd3 Nxd3 35.Rd1 Rc3 36.Qd2
Qb3 37.Bf2 Nxf2 38.Qd7 Re2 39.Qd8+ Kh7 40.Rd6 Ne4+ {#R} 0-1

[Event "Ch Baltic Republics"]
[Site "masterchessopen.com Palanga (Lithuania)"]
[Round "0"]
[White "Lapienis Donatas (LTU)"]
[Black "Ludolph Jaan (EST)"]
[Result "1-0"]
[WhiteElo "2282"]
[BlackElo "2245"]

1.d4 Nf6 2.c4 e6 3.Nc3 Bb4 4.e3 c5 5.Bd3 O-O 6.Nf3 d5 7.O-O dxc4 8.Bxc4 Nbd7
9.Qe2 b6 10.a3 cxd4 11.Nb5 Be7 12.Nbxd4 Bb7 13.Rd1 Rc8 14.b3 Qc7 15.Bb2 Rfd8
16.e4 Nf8 17.Nb5 Qf4 18.e5 Nd5 19.Nxa7 Ra8 20.Nb5 Qg4 21.h3 Qh5 22.Nfd4 Qh6
23.Bxd5 Bxd5 24.Nc7 Rac8 25.Nf5 Qg5 26.Nxd5 exd5 27.g4 Rc7 28.Rac1 Ra7 29.Rc6
Ne6 30.h4 Qg6 31.h5 Nf4 32.hxg6 Nxe2+ 33.Kf1 Nf4 34.gxh7+ Kxh7 35.Nxe7 Rxe7
36.Rxb6 Ne6 37.Rd6 Rb8 38.b4 Nc7 39.Rd2 Ra8 40.Rd3 g6 41.Rh3+ Kg7 {#r} 1-0

[Event "Ch Yugoslavia"]
[Site "masterchessopen.com Zagreb (Croatia)"]
[Round "11"]
[White "Marovic Drazen (CRO)"]
[Black "Karaklajic Nikola (SRB)"]
[Result "1-0"]
[WhiteElo "2445"]
[BlackElo "2303"]

1.d4 Nf6 2.c4 e6 3.Nc3 Bb4 4.e3 c5 5.Nf3 O-O 6.Bd3 d5 7.O-O dxc4 8.Bxc4 Nbd7
9.Qe2 b6 10.Rd1 cxd4 11.exd4 Bb7 12.d5 exd5 13.Nxd5 Re8 14.Qc2 Nxd5 15.Bxd5
Bxd5 16.Rxd5 Qe7 17.Bg5 Qe6 18.Rad1 Nf8 19.Qa4 Bc5 20.b4 Qe4 21.a3 a5 22.Qb3
axb4 23.axb4 Qxb4 24.Qxb4 Bxb4 25.Be3 Ba5 26.Rb5 Red8 27.Rdb1 Rd6 28.g3 Nd7
29.Ne5 Nxe5 30.Rxe5 Rad8 31.Kg2 Re6 32.Reb5 Rdd6 33.Rxa5 {#r} 1-0

[Event "It"]
[Site "masterchessopen.com Vladimir (Russia)"]
[Round "0"]
[White "Ljavdansky Vladimir (RUS)"]
[Black "Estrin Yakov B (RUS)"]
[Result "1-0"]
[WhiteElo "2299"]
[BlackElo "2450"]

1.c4 Nf6 2.Nf3 e6 3.Nc3 d5 4.d4 Bb4 5.e3 O-O 6.Be2 c5 7.O-O dxc4 8.Bxc4 Nbd7
9.Qe2 b6 10.d5 Bxc3 11.dxe6 Ne5 12.exf7+ Kh8 13.bxc3 Bg4 14.e4 Nh5 15.Bd5 Qc8
16.Kh1 Bxf3 17.gxf3 Qh3 18.Rg1 Nxf3 19.Rg2 Rad8 20.c4 Nh4 21.Rg3 Nxg3+ 22.fxg3
Ng6 23.Bb2 Ne7 24.Rf1 Nxd5 25.exd5 Rd7 26.Bxg7+ {#r} 1-0

[Event "It"]
[Site "masterchessopen.com Los Angeles (USA)"]
[Round "0"]
[White "Gligoric Svetozar (SRB)"]
[Black "Keres Paul (EST)"]
[Result "0-1"]
[WhiteElo "2447"]
[BlackElo "2580"]

1.d4 Nf6 2.c4 e6 3.Nc3 Bb4 4.e3 O-O 5.Bd3 d5 6.Nf3 c5 7.O-O dxc4 8.Bxc4 Nbd7
9.Qd3 ( 9.Qe2 b6 10.Rd1 { ?/= } ) 9...a6 10.a4 ( 10.a3 Bxc3 11.Qxc3 b5 12.Be2
Bb7 { = } ) 10...Qc7 { ! } 11.Bb3 Rd8 12.Bc2 ( 12.Bd2 { !? } ) 12...b6 13.Na2
( 13.e4 { ?! } 13...cxd4 14.Qxd4 Bc5 { ? } ) 13...a5 { ! } ( 13...Ba5 14.e4 {
! } ) 14.Nxb4 axb4 15.Re1 e5 { ! } 16.Qb3 Bb7 17.dxc5 ( 17.Nxe5 Nxe5 18.dxe5
Qxe5 { ? } ) 17...e4 { ! } ( 17...bxc5 18.e4 { = } ) 18.c6 ( 18.Ng5 Ne5 { ! }
19.cxb6 Qc5 { !? } ) 18...Bxc6 19.Nd4 Ng4 20.h3 ( 20.g3 Nde5 { ? } ) ( 20.Nxc6
Qxh2+ 21.Kf1 Qh4 { ??+ } ) 20...Qh2+ 21.Kf1 Nde5 { ! } 22.hxg4 ( 22.Nxc6 Qh1+
23.Ke2 Qxg2 { ??+ } ) 22...Bd5 23.Qxd5 Rxd5 24.Bxe4 Rad8 25.f3 R5d6 26.a5 bxa5
27.Rxa5 Re8 28.Nf5 Rdd8 29.Bb1 Nc4 30.Ra1 g6 31.b3 Nd2+ 32.Kf2 gxf5 33.Bxf5
Qh4+ 34.Ke2 Rxe3+ 35.Kxe3 Qxe1+ {#R} 0-1

[Event "Ch Czechoslovakia"]
[Site "masterchessopen.com Prague (Czech Republic)"]
[Round "4"]
[White "Smejkal Jan (CZE)"]
[Black "Hybl Jaroslav (CZE)"]
[Result "1-0"]
[WhiteElo "2504"]
[BlackElo "2172"]

1.d4 Nf6 2.c4 e6 3.Nc3 Bb4 4.e3 O-O 5.Nf3 c5 6.Bd3 d5 7.O-O dxc4 8.Bxc4 Nbd7
9.Qe2 cxd4 10.exd4 Nb6 11.Bd3 Bd7 12.Ne5 Bc6 13.Bg5 Be7 14.Rad1 Nbd5 15.Bb1
Rc8 16.Qd3 g6 17.Bh6 Re8 18.Rfe1 Nxc3 19.bxc3 Qa5 20.Qh3 Bf8 21.Re3 Bg7 22.Qh4
Bd5 23.Bg5 Nd7 24.Nxd7 Qa4 25.Bc2 Qxd7 26.Rh3 h5 27.g4 hxg4 28.Qh7+ Kf8 29.Bh6
Bxh6 30.Qxh6+ Ke7 31.Qg5+ Kd6 32.Qe5+ Ke7 33.Qg5+ Kd6 34.Qe5+ Ke7 35.Rh7 Rg8
36.Qg5+ Kd6 37.Qe5+ Kc6 38.c4 Bxc4 39.Qc5# 1-0

[Event "It"]
[Site "masterchessopen.com Belgrade (Yugoslavia)"]
[Round "14"]
[White "Larsen Bent (DEN)"]
[Black "Matanovic Aleksandar (SRB)"]
[Result "1-0"]
[WhiteElo "2415"]
[BlackElo "2490"]

1.d4 Nf6 2.c4 e6 3.Nc3 Bb4 4.e3 c5 5.Nf3 O-O 6.Bd3 d5 7.O-O dxc4 8.Bxc4 Nbd7
9.a3 cxd4 10.Nb5 Be7 11.Nbxd4 e5 12.Nf5 Nb6 13.Nxe7+ Qxe7 14.Be2 Bg4 15.Bd2
Rfd8 16.Rc1 h6 17.h3 Bh5 18.Qc2 Rac8 19.Bb4 Qe6 20.Rfd1 Rd5 21.Qb1 e4 22.Rxd5
Qxd5 23.Nd4 Rxc1+ 24.Qxc1 Bxe2 25.Nxe2 Qc4 26.Qxc4 Nxc4 27.b3 Nb6 28.Bc5 Nfd5
29.Ng3 Nc3 30.a4 g6 31.Bd4 Nbd5 32.Bxa7 f5 33.f3 exf3 34.gxf3 Kf7 35.Bd4 Nb1
36.Nf1 Ke6 37.Kf2 Na3 38.Ke2 Nc2 39.h4 Ncb4 40.Bb2 h5 41.Kd2 Nc6 42.Bc3 Nd8
43.Kd3 Nf7 44.f4 Nh6 45.Bd4 Ng4 46.Kc4 Nf2 47.Nd2 Nd1 48.Kc5 Nf2 49.Kb5 {#r}
1-0

[Event "Olympiad"]
[Site "masterchessopen.com Tel Aviv (Israel)"]
[Round "6"]
[White "Addison Wiliam G (USA)"]
[Black "Vinje-Gulbrandsen Arne (NOR)"]
[Result "1-0"]
[WhiteElo "2490"]
[BlackElo "2335"]

1.d4 Nf6 2.c4 e6 3.Nc3 Bb4 4.e3 O-O 5.Nf3 c5 6.Bd3 d5 7.O-O dxc4 8.Bxc4 Nbd7
9.Qe2 a6 10.Rd1 Qc7 11.Bd2 cxd4 12.exd4 Bd6 13.Bb3 Bf4 14.Bxf4 Qxf4 15.Ne5
Nxe5 16.dxe5 Nd7 17.Re1 b5 18.g3 Qb4 19.Bc2 g6 20.Be4 Rb8 21.Bg2 Bb7 22.Rad1
Bxg2 23.Kxg2 Nb6 24.Ne4 Rfd8 25.Nf6+ Kg7 26.Qe3 Rxd1 27.Rxd1 Qxb2 28.Ng4 Qc2
29.Qh6+ Kh8 30.Rd4 Qf5 31.Nf6 g5 32.h4 Qg6 33.hxg5 Qxh6 34.gxh6 Nd5 35.Nxd5
Rd8 36.Rf4 exd5 37.Rxf7 d4 38.Kf1 a5 39.Ke2 Kg8 40.Rg7+ Kf8 41.Rxh7 {#r} 1-0

[Event "Ch World (juniors) (under 20)"]
[Site "masterchessopen.com Barcelona (Spain)"]
[Round "1"]
[White "Farago Ivan (HUN)"]
[Black "Bleiman Yaacov (ISR)"]
[Result "1-0"]
[WhiteElo "2488"]
[BlackElo "2405"]

1.d4 Nf6 2.c4 e6 3.Nc3 Bb4 4.e3 O-O 5.Bd3 d5 6.Nf3 dxc4 7.Bxc4 c5 8.O-O Nbd7
9.Qc2 a6 10.a4 Qe7 11.Na2 cxd4 12.exd4 Bd6 13.Bg5 h6 14.Bh4 Nb6 15.Bb3 Nbd5
16.Nc3 Nf4 17.Qd2 Rd8 18.Rfe1 Ng6 19.Nd5 Qf8 20.Bxf6 gxf6 21.Nxf6+ Kg7 22.Ng4
Kh7 23.Qc2 f5 24.Nge5 Nf4 25.Nd3 Nd5 26.Nc5 Qg8 27.Bxd5 exd5 28.a5 Rb8 29.Re2
b6 30.axb6 Rxb6 31.Rae1 Qg6 32.Ne5 Qf6 33.Re3 Rf8 34.Ncd7 Bxd7 35.Nxd7 Qd8
36.Nxf8+ Qxf8 37.Rf3 {#r} 1-0

[Event "Tournament"]
[Site "masterchessopen.com Bognor Regis (England)"]
[Round "11"]
[White "Parr Frank (ENG)"]
[Black "Karaklajic Nikola (SRB)"]
[Result "0-1"]
[WhiteElo "2099"]
[BlackElo "2303"]

1.d4 Nf6 2.c4 e6 3.Nc3 Bb4 4.Nf3 O-O 5.e3 c5 6.Bd3 d5 7.O-O dxc4 8.Bxc4 Nbd7
9.Ne2 cxd4 10.Nexd4 e5 11.Nc2 Be7 12.b3 e4 13.Nd2 Ne5 14.Be2 Qc7 15.Bb2 Neg4
16.g3 Rd8 17.Nd4 Ne5 18.Rc1 Qd7 19.f3 Nd5 20.Bb5 Qh3 21.Qe2 exf3 22.N4xf3
Nxf3+ 23.Qxf3 Be6 24.Ne4 Qg4 25.Qxg4 Bxg4 26.Bd4 Bh3 27.Rfe1 Bb4 28.Re2 Rac8
29.Ra1 Bc3 30.Nxc3 Nxc3 31.Bxc3 Rxc3 32.Bc4 Kf8 33.Rae1 Ke7 34.Kf2 a6 35.Rb2
Rd6 36.Kg1 Rf6 37.Rf2 Rxf2 38.Kxf2 Bg4 39.Kg1 b5 40.Bd5 b4 41.Rf1 Be6 42.Bxe6
fxe6 43.Kf2 Rc2+ 44.Kf3 Rxh2 45.a3 bxa3 {#R} 0-1

[Event "Ch Hungary"]
[Site "masterchessopen.com Budapest (Hungary)"]
[Round "0"]
[White "Portisch Ferenc (HUN)"]
[Black "Varnusz Egon (HUN)"]
[Result "0-1"]
[WhiteElo "2342"]
[BlackElo "2345"]

1.d4 Nf6 2.c4 e6 3.Nc3 Bb4 4.e3 O-O 5.Bd3 d5 6.Nf3 c5 7.O-O dxc4 8.Bxc4 Nbd7
9.Qe2 a6 10.a4 Qc7 11.Na2 b5 12.Nxb4 bxc4 13.Qxc4 a5 14.Nd3 Ba6 15.Qc2 Rfc8
16.Rd1 Qb6 17.Qd2 cxd4 18.exd4 Nd5 19.Nfe5 Nxe5 20.Nxe5 Ra7 21.Ra3 Rac7 22.Rg3
f6 23.Nd3 Qxd4 24.Qe1 e5 25.Bh6 Kh8 26.Nc1 Qb4 27.Bd2 Qxb2 28.Rb3 Qa1 29.Nd3
Qxa4 30.Rdb1 Bc4 {#R} 0-1

[Event "Ch Club Argentino"]
[Site "masterchessopen.com Buenos Aires (Argentina)"]
[Round "0"]
[White "Panno Oscar (ARG)"]
[Black "Bolbochan Julio (ARG)"]
[Result "1-0"]
[WhiteElo "2438"]
[BlackElo "2440"]

1.d4 Nf6 2.c4 e6 3.Nc3 Bb4 4.e3 c5 5.Bd3 d5 6.Nf3 O-O 7.O-O dxc4 8.Bxc4 Nbd7
9.Qe2 cxd4 10.exd4 Nb6 11.Bb3 Bd7 12.Bg5 Bc6 13.Ne5 Be7 14.Rad1 Nbd5 15.Rfe1
Nxc3 16.bxc3 Nd5 17.Bd2 Bf6 18.c4 Ne7 19.Bb4 a5 20.Ba3 a4 21.Bc2 Qc7 22.Ng4
Rfe8 23.d5 Bxd5 24.Nxf6+ gxf6 25.cxd5 Nxd5 26.Rxd5 {#r} 1-0

[Event "Ch World (corr.)"]
[Site "masterchessopen.com corr."]
[Round "0"]
[White "Hybl Jaroslav (CZE)"]
[Black "Estrin Yakov B (RUS)"]
[Result "1-0"]
[WhiteElo "2172"]
[BlackElo "2450"]

1.d4 Nf6 2.c4 e6 3.Nc3 Bb4 4.e3 c5 5.Bd3 d5 6.Nf3 O-O 7.O-O dxc4 8.Bxc4 Nbd7
9.Qe2 b6 10.d5 Bxc3 11.dxe6 Ne5 12.exf7+ Kh8 13.bxc3 Bg4 14.e4 Nh5 15.Bd5 Qf6
16.Qe3 Nxf3+ 17.gxf3 Bxf3 18.Qg5 Rad8 19.Qxf6 Nxf6 20.Bg5 h6 21.Bxf6 gxf6
22.c4 Bh5 23.f3 Bxf7 24.Kf2 b5 25.Bxf7 Rxf7 26.cxb5 Rd2+ 27.Ke3 Rfd7 28.a4 c4
29.Ra3 Rxh2 30.Rc1 f5 31.Rxc4 fxe4 32.Rxe4 Kg7 33.Rd3 Rf7 34.Rg4+ Kh7 35.Rgd4
Rh3 36.Kf2 Kg7 37.Kg2 Rh5 38.Rd7 Rg5+ 39.Kf2 Rf5 40.Rxf7+ Rxf7 41.a5 Rb7
42.Rb3 {#r} 1-0